| 000 | 00553nam a2200169Ia 4500 | ||
|---|---|---|---|
| 003 | GCL | ||
| 008 | 140319s9999 xx 000 0 ara d | ||
| 040 |
_aGCL / _cGCL |
||
| 082 | 0 | 4 |
_a347.01 _bع ا |
| 100 | 1 | _aعبدالحميد المنشاوى | |
| 245 | 1 | 0 |
_aاوامر الاداء فى ضوء احكام القانون رقم 23 لسنة 1994 / _cعبدالحميد المنشاوى |
| 260 |
_a[S.N] : _bدار الفكر الجامعى |
||
| 490 | _a | ||
| 650 | 0 | 4 | _aالقانون |
| 650 | 0 | 4 | _aقانون المرافعات |
| 942 |
_2ddc _cBK |
||
| 999 |
_c42174 _d42174 |
||